El concepto de prueba ilc̕ita y su tratamiento en el proceso penal

Detalles Bibliográficos
Autor principal: Miranda Estrampes, Manuel
Otros Autores: Serra Domn̕guez, Manuel (prol)
Formato: Desconocido
Lenguaje:español
Publicado: Barcelona : BOSCH EDITOR, 2004
Edición:2da. ed
Materias:
Acceso en línea:Acceso restringido

MARC

LEADER 00000ny a22000003n 4500
005 20110620182853.0
006 m u
007 cr cn|||||||||
008 200805r20042008sp |||||s|||||||||||spa d
020 |a 9788476987117 
035 |a 607 
040 |a FlNmELB  |c FlNmELB  |d vlex 
050 1 4 |a KKT4679  |b M672 2004eb 
080 |a 343.14(460) 
090 |c 1344  |d 1344 
100 1 |a Miranda Estrampes, Manuel 
245 1 3 |a El concepto de prueba ilc̕ita y su tratamiento en el proceso penal  |h [Recurso electrn̤ico]  |c Manuel Miranda Estrampes; prologuista, Manuel Serra Domn̕guez 
250 |a 2da. ed 
256 |a Servicio en ln̕ea 
260 |a Barcelona :  |b BOSCH EDITOR,  |c 2004 
300 |a 9-195 p 
506 1 |a Contenido solo disponible en los productos indicados  |d vLex Global  |d vLex Global (Academic Edition, excluding Law Schools)  |d vLex Global (U.S. Academic Edition, Law Schools)  |d vLex Global (U.S. Academic Edition, excluding Law Schools)  |d vLex Global (Academic Edition, Law Schools) 
650 0 7 |a Procesal  |2 Tesauro vLex 
650 0 7 |a Prueba  |2 Tesauro vLex 
650 0 7 |a Proceso penal  |2 Tesauro vLex 
650 0 7 |a Prueba ilc̕itamente obtenida  |2 Tesauro vLex 
700 1 |a Serra Domn̕guez, Manuel,   |e prol 
740 0 |a vLex Libros (Servicios en ln̕ea) 
856 4 0 |z Acceso restringido  |u http://vlex.com/source/tratamiento-prueba-ilicita-607 
942 |c BOOK